000 00524ntaaa2200181 4500
003 01
005 20251027200606.0
008 0714s1973 ag 01
040 _aAR-BaBN
_bspa
_cAR-BaBN
_eaacr
_dRIC
082 _a223.7 R98
100 _aRylaarsdam, J. Coert.
_91665
245 _aRevelation in jewush wisdom literature. /
_cJ. Coert. Rylaarsdam
250 _a1 ed.
260 _aChicago. :
_bUniversity of Chicago press.,
_c1946.
300 _axi, 128 p.
650 _aBiblia-Antiguo Testamento-Proverbios.
_9355
942 _cBK
999 _c604
_d604